Feedlot alimentación, diseño y manejo /
Guardado en:
| Autor Principal: | |
|---|---|
| Autor Corporativo: | |
| Formato: | Electrónico |
| Idioma: | Spanish |
| Publicado: |
Anguil :
EEA INTA Anguil : Ediciones INTA,
2013.
|
| Series: | Publicación técnica ;
nº 95 |
| Materias: | |
| Acceso en línea: | Acceso a texto completo pdf Acceso a texto completo epub |
| Etiquetas: |
Agregar Etiqueta
Sin Etiquetas, Sea el primero en etiquetar este registro!
|
| LEADER | 00890nmm a22001695a 4500 | ||
|---|---|---|---|
| 001 | EEA.libagro010102 | ||
| 008 | 140821s2013####ag#########m########spa#d | ||
| 005 | 20200410194357.0 | ||
| 245 | 1 | 0 | |a Feedlot |h [recurso electrónico] : |b alimentación, diseño y manejo / |c Aníbal J. Pordomingo. |
| 260 | |a Anguil : |b EEA INTA Anguil : |b Ediciones INTA, |c 2013. | ||
| 490 | 1 | |a Publicación técnica ; |v nº 95 | |
| 538 | |a Modo de acceso: World Wide Web. | ||
| 100 | 1 | |a Pordomingo, Aníbal J. | |
| 710 | 2 | |a Instituto Nacional de Tecnología Agropecuaria (Argentina). |b Estación Experimental Agropecuaria Anguil. | |
| 655 | 7 | |a Libros electrónicos | |
| 856 | 4 | 0 | |3 Acceso a texto completo pdf |u http://inta.gob.ar/sites/default/files/script-tmp-inta%5Ffeedlot%5F2013.pdf |
| 856 | 4 | 0 | |3 Acceso a texto completo epub |u http://inta.gob.ar/sites/default/files/script-tmp-inta%5F-%5Ffeedlot%5F%5Falimentacion-%5Fdiseno%5Fy%5Fmanejo.epub |
